Levels of regional development (Record no. 666834)

MARC details
000 -LEADER
fixed length control field 00560nam a2200193Ia 4500
003 - CONTROL NUMBER IDENTIFIER
control field OSt
005 - DATE AND TIME OF LATEST TRANSACTION
control field 20220926041311.0
008 - FIXED-LENGTH DATA ELEMENTS--GENERAL INFORMATION
fixed length control field 220923b |||||||| |||| 00| 0 eng d
037 ## - SOURCE OF ACQUISITION
Terms of availability General Book
040 ## - CATALOGING SOURCE
Original cataloging agency RTL
Transcribing agency RTL
Language of cataloging eng
041 ## - LANGUAGE CODE
Source of code eng
Language code of text/sound track or separate title eng
100 ## - MAIN ENTRY--PERSONAL NAME
Personal name Census of India 1961
245 #0 - TITLE STATEMENT
Title Levels of regional development
Remainder of title India V1 Pt I-A (i)
942 ## - ADDED ENTRY ELEMENTS (KOHA)
Classification part Y:5.2sN61, K1.1-1A1(i)
Koha item type General Books
Source of classification or shelving scheme Colon Classification (CC)

No items available.

Copyright @ Delhi University Library System